000 00580nam a2200157 4500
001 122382
003 ES-MaACL
005 20230906191951.0
007 t|
008 070214s1960 sp r ||||1| spa d
100 1 _aPrieto Soto, Jesús.
_993947
245 1 3 _aEl chorro, gracia o maldición
_b: estudio histórico socio-económico de las poblaciones petroleras de la costa oriental del lago de Maracaibo /
_cJesús Prieto Soto.
260 _aMadrid :
_b[s. n.],
_c1960 (
_fImp. Industrias Gráficas España)
300 _a159 p. ;
_c25 cm.
852 _aES-MaACL
_jC-21854
_bR.47129
999 _c122382
_d122382